Dang fang jing dian shen hua= oriental classical myth (Chinese)
| Main Author: | |
|---|---|
| Format: | Book |
| Published: |
Jianzhuang :
Moderm Press ,
2005
|
| Series: | Jing dian shen hua
|
| Subjects: |
MARC
| LEADER | 00000cam a2200000 7i4500 | ||
|---|---|---|---|
| 001 | 0000023030 | ||
| 005 | 20080814.0 | ||
| 008 | 080814 | ||
| 020 | |a 780028882x | ||
| 090 | 0 | 0 | |a 153.8 |b YIH |
| 100 | 0 | |a Yi-Hang | |
| 245 | 1 | 0 | |a Dang fang jing dian shen hua= oriental classical myth (Chinese) |c Yi-Hang |
| 260 | |a Jianzhuang : |b Moderm Press , |c 2005 | ||
| 440 | |a Jing dian shen hua | ||
| 650 | 0 | |a Children's |x Motivations | |
| 650 | 0 | |a motiuation | |
| 999 | |a 0001030885 |b Book |c Chinese Collection |e Perbadanan Perpustakaan Awam Johor | ||